000 00609nam a2200193Ia 4500
003 GCL
008 140319s9999 xx 000 0 ara d
040 _aGCL /
_cGCL
082 0 4 _aط
_b796
_bا م
100 1 _aامين انور الخولى
245 1 0 _aالريشة الطائرة /
_cامين انور الخولى
260 _a[S.N] :
_bدار الفكر العربى ،
_c1991
300 _a32 ص
490 _aالمعرفة الرياضية للبراعم
_v0
650 0 4 _aالاطفال
650 0 4 _aتعليم الاطفال
650 0 4 _aالالعاب الرياضية
942 _2ddc
_cBK
999 _c56469
_d56469